000 00613cam a2200229 4500
001 J113004
008 000000n2001 000 0 eng u
035 _a(Sirsi) u113004
050 _a333.33016
110 _aBaring Houston and Saunders
_9177
245 _aFocus on yields - May 2001
260 _aLondon
_bBaring Houston & Saunders
_c2001
300 _a1 folded sheet ; 21cm.
650 _aYIELDS
650 _aINVESTMENT
650 _aRENTS
650 _aPROPERTY MARKET
650 _aGIFTS
650 _aBONDS
690 _aPROPERTY-COMMERCIAL PROPERTY-COMMERCIAL PROPERTY MARKET
942 _n0
999 _c101497
_d101497